Größte Gemeinden Österreichs mit "S" (Top 50) - Statistiken

Allgemein
  • Dieses Quiz wurde 83 mal gespielt
  • Das Durchschnittsergebnis liegt bei 20 aus 50
Antwortstatistiken
Einwohner Bezirk Bundesland Gemeinde % Korrekt
154.211 Salzburg Salzburg Salzburg
100%
55.044 St. Pölten Niederösterreich St. Pölten
92%
38.193 Steyr Oberösterreich Steyr
88%
4.082 Voitsberg Steiermark Söding-St. Johann
86%
11.017 St. Johann im Pongau Salzburg St. Johann im Pongau
86%
9.477 Kitzbühel Tirol St. Johann in Tirol
86%
12.557 St. Veit an der Glan Kärnten St. Veit an der Glan
82%
4.085 Leibnitz Steiermark St. Veit in der Südsteiermark
82%
15.365 Spittal an der Drau Kärnten Spittal an der Drau
76%
16.820 Zell am See Salzburg Saalfelden am Steinernen Meer
73%
13.618 Schwaz Tirol Schwaz
73%
18.564 Bruck an der Leitha Niederösterreich Schwechat
69%
4.132 Scheibbs Niederösterreich Scheibbs
59%
10.884 Salzburg-Umgebung Salzburg Seekirchen am Wallersee
55%
17.010 Korneuburg Niederösterreich Stockerau
55%
6.656 Liezen (Gröbming) Steiermark Schladming
51%
9.922 Wolfsberg Kärnten St. Andrä
51%
7.845 Tulln Niederösterreich St. Andrä-Wördern
51%
11.216 Graz-Umgebung Steiermark Seiersberg-Pirka
47%
5.220 Schärding Oberösterreich Schärding
45%
4.859 Leibnitz Steiermark Straß in Steiermark
45%
9.314 Amstetten Niederösterreich St. Valentin
43%
4.440 Vöcklabruck Oberösterreich St. Georgen am Attergau
37%
4.177 Perg Oberösterreich St. Georgen an der Gusen
37%
9.329 Steyr-Land Oberösterreich Sierning
33%
5.194 Amstetten Niederösterreich St. Peter in der Au
33%
7.570 Salzburg-Umgebung Salzburg Straßwalchen
33%
5.635 Vöcklabruck Oberösterreich Seewalchen am Attersee
31%
10.392 Gänserndorf Niederösterreich Strasshof an der Nordbahn
31%
5.398 Gmünd Niederösterreich Schrems
29%
5.387 Murtal Steiermark Spielberg
27%
3.965 Bregenz Vorarlberg Schwarzach
24%
6.185 Linz-Land Oberösterreich St. Florian
24%
4.235 Villach-Land Kärnten St. Jakob im Rosental
22%
5.277 Perg Oberösterreich Schwertberg
20%
4.263 Weiz Steiermark Sinabelkirchen
18%
4.390 Vöcklabruck Oberösterreich Schwanenstadt
16%
4.888 Urfahr-Umgebung Oberösterreich Steyregg
16%
4.100 Weiz Steiermark St. Margarethen an der Raab
16%
4.785 Linz-Land Oberösterreich St. Marien
16%
8.637 Deutschlandsberg Steiermark Stainz
14%
6.586 Bruck-Mürzzuschlag Steiermark St. Barbara im Mürztal
14%
4.452 Völkermarkt Kärnten St. Kanzian am Klopeiner See
14%
7.542 Tulln Niederösterreich Sieghartskirchen
12%
5.037 Wels-Land Oberösterreich Stadl-Paura
12%
6.456 Spittal an der Drau Kärnten Seeboden am Millstätter See
10%
5.147 Wiener Neustadt-Land Niederösterreich Sollenau
10%
4.890 Gmunden Oberösterreich Scharnstein
4%
4.571 Deutschlandsberg Steiermark Schwanberg
2%
5.323 Weiz Steiermark St. Ruprecht an der Raab
0%
Keine übereinstimmenden Quizze gefunden
Verteilung der Resultate
Anzahl Personen mit jedem Resultat
Perzentil nach korrekt beantworteten Fragen
Ihre Resultats-Entwicklung
Sie haben dieses Quiz noch nicht gespielt